<?xml version="1.0" encoding="UTF-8"?>
<record
    xmlns:xsi="http://www.w3.org/2001/XMLSchema-instance"
    xsi:schemaLocation="http://www.loc.gov/MARC21/slim http://www.loc.gov/standards/marcxml/schema/MARC21slim.xsd"
    xmlns="http://www.loc.gov/MARC21/slim">

  <leader>02168nam a2200289Ia 4500</leader>
  <controlfield tag="001">H5538</controlfield>
  <controlfield tag="003">IT-RoPAU</controlfield>
  <controlfield tag="008">130308s9999    xx            000 0 und d</controlfield>
  <datafield tag="040" ind1=" " ind2=" ">
    <subfield code="a">IT-RoPAU</subfield>
  </datafield>
  <datafield tag="040" ind1=" " ind2=" ">
    <subfield code="c">IT-RoPAU</subfield>
  </datafield>
  <datafield tag="041" ind1=" " ind2=" ">
    <subfield code="a">ITALIANO</subfield>
  </datafield>
  <datafield tag="100" ind1=" " ind2=" ">
    <subfield code="a">Tomasi Dario</subfield>
  </datafield>
  <datafield tag="100" ind1=" " ind2=" ">
    <subfield code="g">Codice Aut. SPICS: 25367</subfield>
  </datafield>
  <datafield tag="245" ind1=" " ind2=" ">
    <subfield code="a">Lezioni di regia. Modelli e forme della messinscena cinematografica</subfield>
  </datafield>
  <datafield tag="245" ind1=" " ind2=" ">
    <subfield code="b">Lezioni di Regia. modelli e forme della messinscena Cinematografica</subfield>
  </datafield>
  <datafield tag="250" ind1=" " ind2=" ">
    <subfield code="a">1a ed.</subfield>
  </datafield>
  <datafield tag="260" ind1=" " ind2=" ">
    <subfield code="a">TORINO</subfield>
  </datafield>
  <datafield tag="260" ind1=" " ind2=" ">
    <subfield code="b">Utet Libreria</subfield>
  </datafield>
  <datafield tag="260" ind1=" " ind2=" ">
    <subfield code="c">2004 [1&#xB0; Ed.:2004 - Ed.Ling.Originale:2004]</subfield>
  </datafield>
  <datafield tag="300" ind1=" " ind2=" ">
    <subfield code="a">"414 p. (prefazione: 10; testo: 404 [pagine: 0-0])"</subfield>
  </datafield>
  <datafield tag="500" ind1=" " ind2=" ">
    <subfield code="a">"Introduzione. I Conversazione: Modello Classico, campi e Controcampi; Discussioni Profonde; Nipponismi; Questa &#xE8; mia Parola; Dire Eccentrico. Ii lettera da 1 Sconosciuta: Dalle Parole Ai Fatti e Viceversa; tra testo  e Immagine, Intermittenza, Contemporaneit&#xE0;, Sovrapposizione; immagini Non Narrative, lettere Recitate; Testi e Voci; immagini di Parole e Parole senza Immagini; Scrittura tra Estetica e Spettacolo. III Sparatoria: Come Sparavano; Mitraillade Dehors; Wild Bulletts; conflitti di Piani e Geometrie di Fuoco; Attenti al Bambino, Sguardo e Carrozzina; Hong Kong, Hollywood, tokyo. Iv Spped: Alternanze Silenziose; Arrivano I Nostri; Macchine, Maschere, Uomini;Ironie e Paradossi; Minimalismo D'Autore; a testa in Giu' in 1 Mondo Digitale. V Baciami Stupido: Baci per Bene; Non cos&#xEC; Appresso; a pezzi e Bocconi; cos&#xEC; sopra le Righe da mettere I Brividi; tre volte di Barry, forza Delracconto; spettacoli Postmoderni. VI Facciamo  Amore: a Tyouch Of Sex, Ellissi, Allusioni, Metafore; Avantg(H)Ard(E), Potere All'Immaginazione; Nouvelles Vagues Erotiques; Sesso D'Autore, Passione, Ironia, Sentimento; 20 Anni Amore, Ultimi. VII immagine Specchio: Specchio Controcampo; inizio e Fine; Specchio Show; sindrome Jekyll; Biforcazioni Narrative; Specchio Autoriflessivo, Cognitivo, Labirinto; 3 volte M e Shining. VIII Sogni. Note. Indice"</subfield>
  </datafield>
  <datafield tag="650" ind1=" " ind2=" ">
    <subfield code="a">REGIA CINEMATOGRAFICA</subfield>
  </datafield>
  <datafield tag="650" ind1=" " ind2=" ">
    <subfield code="e">Codice materia Spics: 6803</subfield>
  </datafield>
  <datafield tag="942" ind1=" " ind2=" ">
    <subfield code="c">BK</subfield>
  </datafield>
  <datafield tag="957" ind1=" " ind2=" ">
    <subfield code="7">1</subfield>
  </datafield>
  <datafield tag="999" ind1=" " ind2=" ">
    <subfield code="c">92728</subfield>
    <subfield code="d">92728</subfield>
  </datafield>
  <datafield tag="999" ind1=" " ind2=" ">
    <subfield code="g">1</subfield>
  </datafield>
  <datafield tag="952" ind1=" " ind2=" ">
    <subfield code="0">0</subfield>
    <subfield code="1">0</subfield>
    <subfield code="4">0</subfield>
    <subfield code="6">H_000000000000000_5538</subfield>
    <subfield code="7">1</subfield>
    <subfield code="a">SPICS</subfield>
    <subfield code="b">SPICS</subfield>
    <subfield code="d">2013-03-08</subfield>
    <subfield code="l">0</subfield>
    <subfield code="o">H5538</subfield>
    <subfield code="r">2013-03-08 00:00:00</subfield>
    <subfield code="w">2013-03-08</subfield>
    <subfield code="y">BK</subfield>
    <subfield code="z">Progressivo inserimento:  32681 /  N. Volumi: 1 Copie: 1  / data import: 1 marzo 2013 - By Epidotti, Trombetti, Vaglietti. </subfield>
  </datafield>
</record>
